Forest Animals Exclusive - Statistics

General Stats
  • This quiz has been taken 11 times
  • The average score is 14 of 16
Answer Stats
Picture Answer % Correct
Deer
100%
Fox
100%
Hedgehog
100%
Owl
100%
Rabbit
100%
Raccoon
100%
Skunk
100%
Squirrel
100%
Wolf
100%
Chipmunk
91%
Coyote
91%
Moose
91%
Grizzly Bear
82%
Opossum
82%
Wolverine
64%
American Black Bear
9%
No matching quizzes found
Score Distribution
Percent of People with Each Score
Percentile by Number Answered
Your Score History
You have not taken this quiz